| 000 | 00586nam a2200193Ii 4500 | ||
|---|---|---|---|
| 003 | JO-AjNU | ||
| 008 | 230605s9999||||xx |||||||||||||| ||und|| | ||
| 040 |
_aJO-AjNU _bara _erda _cJO-AjNU |
||
| 041 | _aara | ||
| 050 | 1 | 4 | _aPJ780.B28.A14 1900 |
| 100 | 3 |
_aتأليف أباظة،ثروت, _eauthor _98590 |
|
| 245 | 0 | 0 | _aأمواج ولا شاطئ |
| 264 | 3 | 1 | _aالقاهرة:مكتبة الأسرة،1900 |
| 300 | _a145ص | ||
| 336 |
_atext _btxt _2rdacontent |
||
| 337 |
_aunmediated _bn _2rdamedia |
||
| 338 |
_avolume _bnc _2rdacarrier |
||
| 650 | 4 |
_aالقصص العربية _98591 |
|
| 999 |
_aA867 _c4435 _d4435 |
||